California 100k cities - Statistics

General Stats
  • This quiz has been taken 44 times
  • The average score is 51 of 74
Answer Stats
Hint Answer % Correct
3,820,914 Los Angeles
100%
1,388,320 San Diego
100%
808,988 San Francisco
100%
340,512 Anaheim
97%
1,013,240 San Jose
97%
413,381 Bakersfield
93%
545,716 Fresno
93%
436,504 Oakland
93%
526,384 Sacramento
93%
314,621 Irvine
90%
449,468 Long Beach
90%
318,858 Riverside
90%
310,539 Santa Ana
87%
175,845 Santa Rosa
87%
223,728 San Bernardino
83%
319,543 Stockton
83%
226,208 Fremont
80%
133,560 Pasadena
80%
102,755 Burbank
77%
274,333 Chula Vista
77%
215,465 Fontana
77%
182,457 Ontario
77%
174,405 Rancho Cucamonga
77%
131,062 Santa Clara
77%
224,028 Santa Clarita
77%
192,129 Huntington Beach
73%
170,020 Oceanside
73%
198,488 Oxnard
73%
144,998 Visalia
73%
187,050 Glendale
70%
212,392 Moreno Valley
70%
138,337 Orange
70%
123,463 Thousand Oaks
70%
139,224 Torrance
70%
113,495 Carlsbad
67%
178,444 Elk Grove
67%
166,236 Lancaster
67%
218,915 Modesto
67%
111,878 Murrieta
67%
122,807 Vallejo
67%
118,962 Berkeley
63%
101,301 Chico
63%
155,675 Hayward
63%
138,869 Victorville
63%
117,096 Antioch
60%
125,826 Clovis
60%
160,238 Corona
60%
148,122 Escondido
60%
102,865 Inglewood
60%
159,135 Roseville
60%
159,506 Salinas
60%
101,327 San Mateo
60%
109,987 Santa Maria
60%
125,113 Simi Valley
60%
151,967 Sunnyvale
60%
110,682 Temecula
60%
102,526 Vacaville
60%
122,315 Concord
57%
168,234 Garden Grove
57%
161,404 Palmdale
57%
114,106 Richmond
57%
120,768 Fairfield
53%
139,250 Fullerton
53%
145,502 Pomona
53%
109,058 Ventura
53%
105,617 West Covina
53%
108,354 Costa Mesa
50%
102,991 El Cajon
50%
107,321 Jurupa Valley
50%
108,816 Downey
47%
103,391 Rialto
47%
103,794 El Monte
43%
113,433 Menifee
43%
100,633 Hesperia
40%
No matching quizzes found
Score Distribution
Percent of People with Each Score
Percentile by Number Answered
Your Score History
You have not taken this quiz